000 00277nam a2200097Ia 4500
082 _aST 520 BURG
245 0 _aGet exam-ready for Engineering science N1
100 _a BURGER, Hertzog Pinegowrie, 2003
_993837
942 _cBK
008 210817s9999 xx 000 0 und d
999 _c389363
_d389362